Biggest City In Each State That Is Not The Capital Or Largest City - Statistics

General Stats
  • This quiz has been taken 71 times
  • The average score is 33 of 50
Answer Stats
Population State Answer % Correct
1,406,630 California San Diego
100%
1,492,510 Texas San Antonio
97%
646,000 Tennessee Memphis
95%
465,101 Colorado Colorado Springs
93%
453,579 Florida Miami
93%
388,072 Ohio Cleveland
90%
530,706 Arizona Tucson
90%
403,505 Oklahoma Tulsa
90%
303,625 Pennsylvania Pittsburgh
88%
311,404 Missouri Saint Louis
88%
256,902 New York Buffalo
87%
166,575 Oregon Eugene
80%
264,152 New Jersey Jersey City
80%
196,445 Michigan Grand Rapids
78%
215,973 Washington Spokane
77%
32,751 Alaska Fairbanks
75%
264,488 Indiana Fort Wayne
75%
105,139 Wisconsin Green Bay
73%
287,027 North Carolina Greensboro
73%
292,969 Nevada Henderson
73%
194,920 Louisiana Shreveport
72%
318,449 Kentucky Lexington
70%
201,110 Illinois Aurora
68%
59,324 Wyoming Casper
68%
101,759 New Mexico Las Cruces
68%
245,428 Virginia Norfolk
68%
184,508 Massachusetts Worcester
67%
193,079 Alabama Huntsville
65%
197,485 Georgia Columbus
62%
72,072 Montana Missoula
62%
73,569 South Dakota Rapid City
62%
129,934 Connecticut New Haven
58%
188,966 Kansas Overland Park
58%
43,263 Hawaii Hilo
57%
131,127 Iowa Cedar Rapids
55%
114,011 Minnesota Rochester
55%
33,398 Delaware Newark
52%
88,133 Arkansas Fort Smith
48%
136,208 Utah West Valley City
48%
72,076 Mississippi Gulfport
47%
48,113 West Virginia Huntington
45%
87,882 New Hampshire Nashua
45%
57,339 North Dakota Grand Forks
42%
95,623 Idaho Meridian
40%
81,579 Rhode Island Warwick
40%
53,505 Nebraska Bellevue
35%
70,060 Maryland Frederick
35%
108,304 South Carolina North Charleston
35%
36,140 Maine Lewiston
32%
21,199 Vermont Essex
17%
No matching quizzes found
Score Distribution
Percent of People with Each Score
Percentile by Number Answered
Your Score History
You have not taken this quiz